Statistiche per Cognomi più diffusi nel Lazio

Clicka qui per fare il quiz!

Statistiche generali

  • Questo quiz è stato fatto 3 volte
  • Il punteggio medio è 2 su 10

Statistiche sulle risposte

Cognome% Corretto
Bianchi
67%
Rossi
67%
De Santis
33%
Mancini
33%
Bucci
0%
Conti
0%
De Angelis
0%
Mariani
0%
Proietti
0%
Russo
0%

Distribuzione punteggi

Percentile per numero di risposta

Percentuale di utenti per punteggio

I tuoi punteggi nel tempo

Non hai fatto questo quiz